| 000 | 00548nam a22001577a 4500 | ||
|---|---|---|---|
| 003 | OSt | ||
| 005 | 20151117143623.0 | ||
| 008 | 151117b xxu||||| |||| 00| 0 eng d | ||
| 040 | _cRUA | ||
| 082 | _aFIS គឹម 1990 B144 Or.1 | ||
| 100 |
_93793 _aគឹម វឌ្ឍនា |
||
| 245 | _aឧបករណ៍នេសាទដែលអនុញ្ញាតិ អោយប្រើប្រាស់ក្នុងដែននេសាទសមុទ្រ | ||
| 260 |
_aPhnom Penh _bRUA _c1990 |
||
| 300 |
_a121p. _bill. _c29cm. |
||
| 942 |
_2ddc _cFIS |
||
| 999 |
_c3527 _d3527 |
||